|
|
|
|
| LEADER |
00676cam a2200217 7i4500 |
| 001 |
0000003563 |
| 005 |
20170218090000.0 |
| 020 |
|
|
|a 9780201635379
|
| 020 |
|
|
|a 0201635372 (hbk.)
|
| 090 |
0 |
0 |
|a HG173
|b .G58 2001
|
| 100 |
1 |
|
|a Gitman, Lawrence J
|
| 245 |
1 |
0 |
|a Introduction to finance
|c Lawrence J. Gitman, Jeff Madura.
|
| 260 |
|
|
|a Boston:
|b Addison Wesley,
|c 2001.
|
| 300 |
|
|
|a xxx, 755 p.:
|b col. ill.;
|c 26 cm.
|
| 490 |
0 |
|
|a The Addison-Wesley series in finance
|
| 500 |
|
|
|a Includes index
|
| 650 |
0 |
0 |
|a Finance
|
| 700 |
1 |
|
|a Madura, Jeff
|
| 997 |
|
|
|a Business & Accountancy, Faculty
|
| 998 |
|
|
|a Finance, Degree
|
| 999 |
|
|
|a 0000004322
|b BOK
|c OPEN SHELF
|e 1st Floor, Shah Alam
|